书目信息 |
| 题名: |
建设工程合同管理
|
|
| 作者: | 贾彦芳 主编 | |
| 分册: | ||
| 出版信息: | 北京 中国电力出版社 2009.01 |
|
| 页数: | 300页 | |
| 开本: | 26cm | |
| 丛书名: | ||
| 单 册: | ||
| 中图分类: | TU723.1 | |
| 科图分类: | ||
| 主题词: | 建筑工程--jian zhu gong cheng--经济合同--管理--考核--自学参考资料 | |
| 电子资源: | ||
| ISBN: | 978-7-5083-8249-4 | |
| 000 | 00879nam0 2200241 450 | |
| 001 | 012009484296 | |
| 005 | 20090505111646.46 | |
| 010 | @a978-7-5083-8249-4@dCNY48.00 | |
| 100 | @a20090505d2009 em y0chi0120 ea | |
| 101 | 0 | @achi |
| 102 | @aCN@b110000 | |
| 105 | @ay z 000yy | |
| 106 | @ar | |
| 200 | 1 | @a建设工程合同管理@Ajian she gong cheng he tong guan li@f贾彦芳主编@Fjia yan fang zhu bian |
| 210 | @a北京@c中国电力出版社@d2009.01 | |
| 215 | @a300页@d26cm | |
| 300 | @a2009全国监理工程师执业资格考试辅导用书答疑精讲与试题精练 | |
| 330 | @a本书共分九章,内容包括:建设工程合同管理法律基础、合同法律制度、建设工程招标管理、建设工程委托监理合同等。 | |
| 606 | 0 | @a建筑工程@Ajian zhu gong cheng@x经济合同@x管理@x考核@j自学参考资料 |
| 690 | @aTU723.1@v4 | |
| 701 | 0 | @a贾彦芳@Ajia yan fang@4主编 |
| 801 | 0 | @aCN@bQSSK@c20090505 |
| 905 | @b740575-77@dTU723.1@eJ252@f3 | |
| 建设工程合同管理/贾彦芳主编.-北京:中国电力出版社,2009.01 |
| 300页;26cm |
| 2009全国监理工程师执业资格考试辅导用书答疑精讲与试题精练 |
| ISBN 978-7-5083-8249-4:CNY48.00 |
| 本书共分九章,内容包括:建设工程合同管理法律基础、合同法律制度、建设工程招标管理、建设工程委托监理合同等。 |
| ● |
| 相关链接 |
|
|
|
正题名:建设工程合同管理
索取号:TU723.1/J252
 
预约/预借
| 序号 | 登录号 | 条形码 | 馆藏地/架位号 | 状态 | 备注 |
| 1 | 740575 | 207405752 | 建筑库201/201建筑库 32排3列1层/ [索取号:TU723.1/J252] | 在馆 | |
| 2 | 740576 | 207405761 | 建筑库201/201建筑库 32排3列1层/ [索取号:TU723.1/J252] | 在馆 | |
| 3 | 740577 | 207405770 | 建筑库201/201建筑库 32排3列1层/ [索取号:TU723.1/J252] | 在馆 |